Describing language / (Record no. 14390)
[ view plain ]
| 000 -LEADER | |
|---|---|
| fixed length control field | 00559cam a2200229 a 4500 |
| 020 ## - INTERNATIONAL STANDARD BOOK NUMBER | |
| ISBN | 033515980X |
| 020 ## - INTERNATIONAL STANDARD BOOK NUMBER | |
| ISBN | 9780335159802 |
| 020 ## - INTERNATIONAL STANDARD BOOK NUMBER | |
| ISBN | 0335159796 |
| 020 ## - INTERNATIONAL STANDARD BOOK NUMBER | |
| ISBN | 9780335159796 |
| 040 ## - CATALOGING SOURCE | |
| Transcribing agency | DLC |
| 082 00 - DEWEY DECIMAL CLASSIFICATION NUMBER | |
| Classification number | 410 OPE 1987 A023 Or. |
| 100 1# - MAIN ENTRY--AUTHOR NAME | |
| Personal name | Graddol, David |
| 245 10 - TITLE STATEMENT | |
| Title | Describing language / |
| 300 ## - PHYSICAL DESCRIPTION | |
| Number of Pages | 235 pages : |
| Other physical details | illustrations ; |
| Dimensions | 24 cm |
| 650 #0 - SUBJECT ADDED ENTRY--TOPICAL TERM | |
| Topical Term | Language and languages |
| 650 #0 - SUBJECT ADDED ENTRY--TOPICAL TERM | |
| Topical Term | Linguistics |
| 650 #4 - SUBJECT ADDED ENTRY--TOPICAL TERM | |
| Topical Term | Langage et langues |
| 650 #4 - SUBJECT ADDED ENTRY--TOPICAL TERM | |
| Topical Term | Linguistique |
| 700 1# - ADDED ENTRY--PERSONAL NAME | |
| Personal name | Cheshire, Jenny, |
| 700 1# - ADDED ENTRY--PERSONAL NAME | |
| Personal name | Swann, Joan |
| 942 ## - ADDED ENTRY ELEMENTS (KOHA) | |
| Koha item type | សៀវភៅភាសាអង់គ្លេស |
| 952 ## - LOCATION AND ITEM INFORMATION (KOHA) | |
| Withdrawn status [LOCAL, KOHA] | 0 |
| Permanent Location | Date acquired | Koha item type | Lost status | Shelving location | Barcode | Current Location | Full call number |
|---|---|---|---|---|---|---|---|
| Library Block A | 2017-10-16 | សៀវភៅភាសាអង់គ្លេស | A024 | A20570 | Library Block A | 410 OPE 1987 A024 Or. |